00482nam a2200181Ia 4500001001000000003000500010008004100015010001100056040000900067082001600076100002000092245005000112260004900162300001100211650002700222650003100249650002000280Para_1882CHAP220125s1950 xx 000 0 und d a198743 cCHAP aPA 632.7 E2 aEbeling, Walter aSubtropical entomology /c by Walter Ebeling aSan Francisco, Calif. :b Lithotype process a747 p. aAgricultura x plagas  aEntomología económica  aFitopatología